00321nam a22000977a 4500008004100000082001500041100001900056245011400075260001000189300002400199210823b ||||| |||| 00| 0 eng d a954.98 CHO aChophel, Sonam aOn Mount Ralangb"Evocative exploration of the Mount Ralang of Phongmey, Trashigang. Open the book and hike." c2019. a32 p.bill,c20 cm.